Semantic Web Technologies and Legal Scholarly Publishing

This work deals with the applications of Semantic Publishing technologies in the legal domain, i.e., the use of Semantic Web technologies to address issues related to the Legal Scholarly Publishing. Research in the field of Law has a long tradition in the application of semantic technologies, such a...

Full description

Bibliographic Details
Main Author: Peroni, Silvio (Author)
Corporate Author: SpringerLink (Online service)
Format: Electronic eBook
Language:English
Published: Cham : Springer International Publishing : Imprint: Springer, 2014.
Series:Law, Governance and Technology Series, 15
Subjects:
Online Access:Full Text via HEAL-Link
LEADER 04335nam a22005895i 4500
001 978-3-319-04777-5
003 DE-He213
005 20151030091115.0
007 cr nn 008mamaa
008 140620s2014 gw | s |||| 0|eng d
020 |a 9783319047775  |9 978-3-319-04777-5 
024 7 |a 10.1007/978-3-319-04777-5  |2 doi 
040 |d GrThAP 
050 4 |a QA76.9.M3 
072 7 |a UYZM  |2 bicssc 
072 7 |a UKR  |2 bicssc 
072 7 |a BUS083000  |2 bisacsh 
072 7 |a COM032000  |2 bisacsh 
082 0 4 |a 005.74  |2 23 
100 1 |a Peroni, Silvio.  |e author. 
245 1 0 |a Semantic Web Technologies and Legal Scholarly Publishing  |h [electronic resource] /  |c by Silvio Peroni. 
264 1 |a Cham :  |b Springer International Publishing :  |b Imprint: Springer,  |c 2014. 
300 |a XXIII, 304 p. 211 illus., 46 illus. in color.  |b online resource. 
336 |a text  |b txt  |2 rdacontent 
337 |a computer  |b c  |2 rdamedia 
338 |a online resource  |b cr  |2 rdacarrier 
347 |a text file  |b PDF  |2 rda 
490 1 |a Law, Governance and Technology Series,  |x 2352-1902 ;  |v 15 
505 0 |a Foreword -- Preface -- Acknowledgements -- Table of Contents -- List of Tables -- List of Figures -- 1 Introduction -- 2 The digital publishing revolution -- 3 Markup beyond the trees -- 4 Markup Semantics and Quality Evaluation of Legal Drafting -- 5 The Semantic Publishing and Referencing Ontologies -- 6 Semantic data interfaces for the masses -- 7 Conclusions -- Appendices -- Author's biography -- Index. 
520 |a This work deals with the applications of Semantic Publishing technologies in the legal domain, i.e., the use of Semantic Web technologies to address issues related to the Legal Scholarly Publishing. Research in the field of Law has a long tradition in the application of semantic technologies, such as Semantic Web and Linked Data, to real-world scenarios. This book investigates and proposes solutions for three main issues that Semantic Publishing needs to address within the context of the Legal Scholarly Publishing: the need of tools for linking document text to a formal representation of its meaning; the lack of complete metadata schemas for describing documents according to the publishing vocabulary; and the absence of effective tools and user interfaces for easily acting on semantic publishing models and theories. In particular, this work introduces EARMARK, a markup metalanguage that allows one to create markup documents without the structural and semantic limits imposed by markup languages such as XML. EARMARK is a platform to link the content layer of a document with its intended formal semantics, and it can be used with the Semantic Publishing and Referencing (SPAR) Ontologies, another topic in this book. SPAR Ontologies are a collection of formal models providing an upper semantic layer for describing the publishing domain. Using EARMARK as a foundation for SPAR descriptions opens up to a semantic characterisation of all the aspects of a document and of its parts. Finally, four user-friendly tools are introduced: LODE, KC-Viz, Graffoo and Gaffe. They were expressly developed to facilitate the interaction of publishers and domain experts with Semantic Publishing technologies by shielding such users from the underlying formalisms and semantic models of such technologies. 
650 0 |a Computer science. 
650 0 |a Ontology. 
650 0 |a User interfaces (Computer systems). 
650 0 |a Text processing (Computer science). 
650 0 |a Management information systems. 
650 0 |a Law  |x Philosophy. 
650 0 |a Law. 
650 0 |a Social sciences. 
650 1 4 |a Computer Science. 
650 2 4 |a Management of Computing and Information Systems. 
650 2 4 |a Theories of Law, Philosophy of Law, Legal History. 
650 2 4 |a Ontology. 
650 2 4 |a Methodology of the Social Sciences. 
650 2 4 |a User Interfaces and Human Computer Interaction. 
650 2 4 |a Document Preparation and Text Processing. 
710 2 |a SpringerLink (Online service) 
773 0 |t Springer eBooks 
776 0 8 |i Printed edition:  |z 9783319047768 
830 0 |a Law, Governance and Technology Series,  |x 2352-1902 ;  |v 15 
856 4 0 |u http://dx.doi.org/10.1007/978-3-319-04777-5  |z Full Text via HEAL-Link 
912 |a ZDB-2-SHU 
950 |a Humanities, Social Sciences and Law (Springer-11648)